000
00390nam a2200133Ia 4500
008
100328s9999 xx 000 0 und d
082
_b
34202
100
_a
डांगे अशोक प्रभाकर
245
_a
चित्रभारती
260
_b
गुरु
630
_a
चित्रभारती
730
_a
चित्रभारती
942
_c
BOOK
999
_c
524426
_d
524423